Umrisse von europäischen Ländern - Statistiken

Allgemein
  • Dieses Quiz wurde 264 mal gespielt
  • Das Durchschnittsergebnis liegt bei 33 aus 45
Antwortstatistiken
Frage Antwort % Korrekt
Italien
98%
Deutschland
96%
Frankreich
96%
Griechenland
96%
Kroatien
94%
Dänemark
91%
Belarus
89%
Irland
89%
Albanien
88%
Bosnien und Herzegowina
88%
Finnland
88%
Bulgarien
86%
Island
86%
Norwegen
85%
Malta
83%
Österreich
83%
Lettland
79%
Belgien
78%
Monaco
76%
Estland
75%
Russland
75%
Niederlande
74%
Polen
74%
Portugal
74%
Liechtenstein
73%
Kosovo
71%
Andorra
70%
Moldau
70%
Nordmazedonien
69%
Schweden
68%
Montenegro
66%
San Marino
66%
Luxemburg
65%
Schweiz
65%
Spanien
59%
Litauen
58%
Serbien
58%
Slowakei
58%
Rumänien
56%
Ungarn
55%
Ukraine
54%
Vereinigtes Königreich
54%
Vatikanstadt
53%
Slowenien
50%
Tschechien
50%
Keine übereinstimmenden Quizze gefunden
Verteilung der Resultate
Anzahl Personen mit jedem Resultat
Perzentil nach korrekt beantworteten Fragen
Ihre Resultats-Entwicklung
Sie haben dieses Quiz noch nicht gespielt